Estudio de prefactibilidad para la producción de carbón activado a partir de cáscara de coco
Salvato in:
| Autore principale: | |
|---|---|
| Natura: | Libro |
| Pubblicazione: |
San José, Costa Rica
1992
|
| Soggetti: | |
| Tags: |
Aggiungi Tag
Nessun Tag, puoi essere il primo ad aggiungerne!!
|
MARC
| LEADER | 00000nam a2200000Ia 4500 | ||
|---|---|---|---|
| 003 | 005423 | ||
| 005 | 20221231144323.0 | ||
| 008 | 140114s1992 cr a m 000 ||s d | ||
| 040 | |c cru CEDI | ||
| 090 | |a TFG 2583 | ||
| 100 | |a Montero Miranda, Jorge |9 12462 | ||
| 245 | |a Estudio de prefactibilidad para la producción de carbón activado a partir de cáscara de coco | ||
| 260 | |c 1992 |a San José, Costa Rica | ||
| 300 | |a 87 hojas : ilustraciones (1 plegables) ; 28 cm. | ||
| 500 | |a Proyecto de graduación(licenciatura en ingeniería química)--Universidad de Costa Rica. Facultad de Ingeniería. Escuela de Ingeniería Química | ||
| 650 | |x CARBON ACTIVADO - PRODUCCION |9 12463 | ||
| 942 | |c TFG | ||
| 999 | |c 20112 |d 20112 | ||
